De calles y noches de Praga / (Record no. 19916)
[ view plain ]
| 000 -LEADER | |
|---|---|
| campo de control de longitud fija | 00715nam a2200241 i 4500 |
| 001 - NÚMERO DE CONTROL | |
| campo de control | 19916 |
| 003 - IDENTIFICADOR DE NÚMERO DE CONTROL | |
| campo de control | ES-MaACL |
| 005 - FECHA Y HORA DE LA ÚLTIMA TRANSACCIÓN | |
| campo de control | 20240524172134.0 |
| 007 - CAMPO FIJO DE DESCRIPCIÓN FÍSICA--INFORMACIÓN GENERAL | |
| campo de control de longitud fija | t| |
| 008 - DATOS DE LONGITUD FIJA--INFORMACIÓN GENERAL | |
| campo de control de longitud fija | 021029s2002 sp ||||1| spa d |
| 020 ## - NÚMERO INTERNACIONAL ESTÁNDAR DEL LIBRO | |
| Número Internacional Estándar del Libro | 84-95587-08-4 |
| 080 ## - NÚMERO DE LA CLASIFICACIÓN DECIMAL UNIVERSAL | |
| Número de la Clasificación Decimal Universal | 821.112.2(437)-92"19" |
| 100 1# - ENTRADA PRINCIPAL--NOMBRE DE PERSONA | |
| Nombre de persona | Kisch, Egon Erwin. |
| 9 (RLIN) | 68149 |
| 245 10 - MENCIÓN DEL TÍTULO | |
| Título | De calles y noches de Praga / |
| Mención de responsabilidad, etc. | Egon Erwin Kisch ; traducción de Rosa Pilar Blanco. |
| 250 ## - MENCION DE EDICION | |
| Mención de edición | 1ª ed. |
| 260 ## - PUBLICACIÓN, DISTRIBUCIÓN, ETC. | |
| Lugar de publicación, distribución, etc. | Barcelona : |
| Nombre del editor, distribuidor, etc. | Minúscula, |
| Fecha de publicación, distribución, etc. | 2002. |
| 300 ## - DESCRIPCIÓN FÍSICA | |
| Extensión | 282 p. ; |
| Dimensiones | 17 cm. |
| 490 1# - MENCIÓN DE SERIE | |
| Mención de serie | Paisajes narrados ; |
| Designación de volumen o secuencia | 5 |
| 700 1# - ENTRADA AGREGADA--NOMBRE PERSONAL | |
| Nombre de persona | Blanco, Rosa Pilar |
| 9 (RLIN) | 29205 |
| 830 0# - PUNTO DE ACCESO ADICIONAL DE SERIE-TÍTULO UNIFORME | |
| Título uniforme | Paisajes narrados ; |
| Designación de volumen o secuencia | 5 |
| 9 (RLIN) | 180648 |
| 852 ## - LOCALIZACIÓN | |
| Ubicación | ES-MaACL |
| Número de control de estantería | A-8285 |
| Sublocalización o colección | R.131469 |
| Estatus retirado | Estado de pérdida | Estado de daño | No para préstamo | Biblioteca de origen | Biblioteca actual | Ubicación en estantería | Fecha de adquisición | Fuente de adquisición | Total de préstamos | Signatura topográfica completa | Código de barras | Visto por última vez | Precio de reemplazo | Tipo de ítem Koha |
|---|---|---|---|---|---|---|---|---|---|---|---|---|---|---|
| Biblioteca del Ateneo de Madrid | Biblioteca del Ateneo de Madrid | Sala Pecera Planta 1 | 17/01/2008 | A-8285 | 1020399 | 23/02/2023 | 23/02/2023 | Libro impreso |
